|
|
|
|
| LEADER |
00829nam a2200181 i 4500 |
| 001 |
misc70875 |
| 005 |
20231211141813.0 |
| 008 |
220608s1907 hu o 0|| hun d |
| 040 |
|
|
|a SZTE Miscellanea Repozitórium
|b hun
|
| 041 |
|
|
|a hun
|
| 245 |
0 |
0 |
|a Tanterv és utasítás az elemi népiskola számára
|h [elektronikus dokumentum] :
|b kiadta a vallás- és közoktatásügyi m. kir. miniszter 1905. évi junius hó 16-án 2202. eln. számú rendeletével
|
| 260 |
|
|
|a Magyar Királyi Tudományegyetemi Nyomda
|b Budapest
|c 1907
|
| 300 |
|
|
|a 335
|c 25 cm
|
| 561 |
|
|
|a Muzeális tankönyvek, tantervek
|
| 650 |
|
4 |
|a Társadalomtudományok
|
| 650 |
|
4 |
|a Oktatástudomány
|
| 695 |
|
|
|a Tanterv - általános iskola, Oktatásügy - Magyarország - 1905
|
| 856 |
4 |
0 |
|u http://misc.bibl.u-szeged.hu/70875/1/1907_tanerv_es_utasitas.pdf
|z Dokumentum-elérés
|